| 000 | 00448nam a2200169Ia 4500 | ||
|---|---|---|---|
| 003 | GCL | ||
| 008 | 140319s9999 xx 000 0 eng d | ||
| 040 |
_aGCL / _cGCL |
||
| 082 | 0 | 4 |
_a746.46 _bM P |
| 100 | 1 | _aMALONE, MAGGIE | |
| 245 | 1 | 0 |
_a1001 PATCH WORK DESIGNS / _cMALONE, MAGGIE |
| 260 |
_a[S.N] : _bSTERLING PUBLISHING CO. INC. ، _c1982 |
||
| 300 | _a224 | ||
| 650 | 0 | 4 | _aPATCH WORK PATTERN |
| 650 | 0 | 4 | _aPATCH WORK DESIGN |
| 942 |
_2ddc _cBK |
||
| 999 |
_c25660 _d25660 |
||